Normal view
MARC view
- Jain N K
Entry Personal Name
001 - CONTROL NUMBER
- control field: 96592
003 - CONTROL NUMBER IDENTIFIER
- control field: OSt
005 - DATE AND TIME OF LATEST TRANSACTION
- control field: 20221007214135.0
008 - FIXED-LENGTH DATA ELEMENTS
- fixed length control field: 221007|| aca||aabn | a|a d
040 ## - CATALOGING SOURCE
- Original cataloging agency: OSt
- Transcribing agency: OSt
100 ## - HEADING--PERSONAL NAME
- Personal name: Jain N K
670 ## - SOURCE DATA FOUND
- Source citation: Work cat.: (OSt)61006: Jain N K, Handbook of VISA Information, 2007